000 00414nam a22001217a 4500
020 _a9788180697869
082 _a 333.913095486
_bAUB/TA
245 _aTank and Well Irrigation Crisis: Spatial, Environmental and Social Issues
260 _aNew Delhi
_bConcept Publishing Company Pvt. Ltd
_c2013
300 _a334
700 _aAubriot, Olivia
_9283
942 _cBK
999 _c14221
_d14221